|
|
|
|
| LEADER |
00000cam a2200000 7i4500 |
| 001 |
0000025564 |
| 005 |
20151222.0 |
| 008 |
090306 |
| 020 |
|
|
|a 0746079451
|
| 090 |
0 |
0 |
|a JF
|b ENG
|
| 100 |
1 |
|
|a Sims, Lesley
|
| 245 |
1 |
4 |
|a The story of castles
|c Lesley Sims ; illustrated by Teri Gower
|
| 260 |
|
|
|a England :
|b Usborne Pubishing Ltd ,
|c 2004
|
| 440 |
|
|
|a Usborne young reading ; series two
|
| 500 |
|
|
|a Children ages 7-9 years old (orange)
|
| 650 |
|
0 |
|a Children stories, English
|
| 700 |
1 |
|
|a Gower, Teri
|
| 999 |
|
|
|a 0001046989
|b Book
|c Children Collection
|e Cawangan Mersing
|
| 999 |
|
|
|a 0001046991
|b Book
|c Children Collection
|e Cawangan Tmn. Ungku Tun Aminah
|
| 999 |
|
|
|a 0001046992
|b Book
|c Children Collection
|e Cawangan Tmn. Ungku Tun Aminah
|